000 01801cam a22003854i 4500
003 PE-LiUPU
005 20250731184109.0
008 150625s2003 xxu r 000 0 spa d
020 _a0829737960
035 _a(Sirsi) i9780829737967
040 _aPE-LiUPU
_bspa
_cPE-LiUPU
_erda
049 _aPRUA
082 0 4 _a828.99
_bA117h
_223
100 1 _aAbanes, Richard,
_eautor.
245 1 0 _aHarry potter y la Biblia :
_b(La amenaza tras la magia) /
_cRichard Abanes.
264 1 _aMiami, FL :
_bVida,
_c2003.
300 _a264 páginas ;
_c22 centímetros.
336 _atext
_2rdacontent
337 _aunmediated
_2rdamedia
338 _avolume
_2rdacarrier
500 _aEn portada: ¿Fantasías inocentes o fascinaciones peligrosas?
504 _aIncluye referencias bibliográficas al final de algunos capítulos.
505 0 _aEl mundo de Harry Potter. -La piedra filosofal y la hechicería: Un breve resumen. -La cámara secreta: Un breve resumen. -El prisionero de Azkaban: Un breve resumen. -El cáliz de fuego: Un breve resumen. -La batalla constante: El bien contra el mal. -La batalla constante: Tomar partido. -Más allá de la fantasía. La realidad norteamericana. -Más allá de la fantasía: Tolkien, Lewis y Rowling.- Lecciones aprendidas: Palabras finales.
526 _aP145
526 _aP127
526 _aP97
526 _aP14
526 _aP07
630 1 4 _aBiblia en la literatura.
650 2 4 _aNovelas juveniles inglesas
_vTraducción al español
_ysiglo XX.
942 _2ddc
_cBK
949 _a828.9 9 A117h
_wDEWEY
_c1
_i55565
_d2015-10-19
_e2015-10-16
_lCCODEBUL1
_mBUL
_n3
_p9.00
_r0
_sY
_tBOOK
_u2015-6-25
_xTEOLOGIA
_zUNKNOWN
_0COMPRA
_o.STAFF. Colección Teología
980 _81
_gALBERTO SANCHEZ Responsable de Automatización
999 _c44437
_d44437